| 000 | 01078nam a22002057a 4500 | ||
|---|---|---|---|
| 999 |
_c63276 _d63276 |
||
| 003 | Ge_BSU | ||
| 005 | 20250716152326.0 | ||
| 008 | 250716s1950 ge ||||| |||| 00| 0 geo d | ||
| 041 | _ageo | ||
| 080 | _a330.142.23:63 ნ-99 | ||
| 100 |
_aნუცუბიძე, აპოლონ. _925660 |
||
| 245 |
_aფინანსური კაპიტალი სოფლის მეურნეობაში / _cაპოლონ ნუცუბიძე |
||
| 264 |
_aთბილისი : _bსახელგამი, პოლიტლიტერატურის სექტორი, _c 1950. |
||
| 300 |
_a367გვ. ; _b21სმ. |
||
| 504 | _aბიბლიოგრ.: "ლიტ-რა", შენიშვნებში. | ||
| 653 | _aფინანსური კაპიტალი სოფლის მეურნეობაში. | ||
| 653 | _aპოლიტიკური ეკონომია. | ||
| 710 |
_a საქ. სსრ მეც. აკად. ეკონომიკის ინ-ტი. _925661 |
||
| 942 |
_2udc _cBK |
||